[Event "Reykjavik op"]
[Site "Reykjavik"]
[Date "2018.03.10"]
[Round "5"]
[White "Hamitevici, Vladimir"]
[Black "Rapport, Richard"]
[Result "0-1"]
[WhiteElo "2512"]
[BlackElo "2715"]
[Annotator "Fernandez,D"]
[PlyCount "88"]
[EventDate "2018.03.06"]
[EventType "swiss"]
[EventRounds "9"]
[EventCountry "ISL"]
[SourceTitle "CBM 184"]
[Source "ChessBase"]
[SourceDate "2018.05.16"]
[SourceVersion "1"]
[SourceVersionDate "2018.05.16"]
[SourceQuality "1"]

{I am not sure what the relationship is between these two players, but as you
can see, some high-level trolling took place on the first move!} 1. a3 $1 ({
Just for the clarification of doubt, there are a few moves which are more
common:} 1. e4 {,}) (1. d4 {,}) ({and} 1. Nf3 {, and a few others too.}) 1...
h6 $3 {Not to be outdone! This move accepts that White's a3 will be useful in
Slav or Carlsbad type positions, and accordingly prepares for that eventuality.
} 2. c4 c6 3. d4 d5 4. cxd5 cxd5 5. Nc3 Nf6 6. Bf4 Nc6 7. e3 Bg4 8. Be2 Bxe2 9.
Ngxe2 {It was here that I took my first look at this game, and while it seemed
slightly odd for Black to have already played ...h6, it is a move for which a
plausible explanation could be constructed. Only after getting back to my room
did I see how the game had begun!} e6 10. h3 (10. O-O Nh5 {could have been the
idea White was avoiding, though it doesn't seem like a big deal to me.}) 10...
Be7 11. O-O O-O 12. Na4 (12. b4 {was marginally more accurate, though there is
no dramatic difference either way.}) 12... Rc8 (12... Na5 {could have been a
way of exploiting White's slight delay in playing b4.} 13. Qd3 b6 14. b3 Qd7 {
and Black has a slight plus due to his better bishop.}) 13. b4 Bd6 14. Rc1 Ne4
(14... b6 $5 {again came into consideration.}) 15. Nc5 Bxf4 16. Nxf4 Nxc5 17.
Rxc5 (17. bxc5 Na5 18. Nd3 {might have given White better chances of an
advantage.}) 17... b6 18. Rc3 Ne7 19. Rxc8 Qxc8 20. Qa4 a6 21. Nd3 Qb7 22. Rc1
Rc8 23. Rxc8+ $5 (23. Qd1 {is the solid choice.}) 23... Qxc8 24. Ne5 b5 25. Qa5
{Betraying White's ambition. The idea is to bring the queen to d6, or the
knight to c5, or both, so Black exchanges knights in a hurry.} Nc6 26. Nxc6
Qxc6 27. g3 (27. Qd8+ Kh7 28. Qe7 {was more correct, activating the queen
without delay, while this can still be done without material loss.} Qc1+ 29.
Kh2 Qxa3 30. Qxf7 Qxb4 31. Qxe6 $11) 27... Kh7 $1 {Now on a human level Black
has something, because to reactivate his queen White has to go via d8, a move
which has no immediate target.} 28. Kh2 Kg6 29. Kg2 (29. Qd8 $6 Qc1 $1 $15 {
is now seriously problematic.}) 29... e5 30. Qd8 exd4 31. exd4 Qe6 32. Qa8 $6 (
32. Kh2 Kf5 33. Qc7 $1 {still kept Black's activity within safe bounds, though
Black should still enjoy this more.}) 32... Kf5 33. Qa7 $6 {This is it: the
move that lets Black's king get in for good.} (33. Qg8 {is the computer
defence:} Qf6 (33... Ke4 $5 34. Qxg7 Kd3 $44) 34. Qc8+ Ke4 35. Qc3 $3 $132)
33... Ke4 34. Qc5 Kd3 35. Qc1 Qe4+ 36. Kg1 Qe2 (36... Qxd4 {was possible
without allowing perpetual:} 37. Qd1+ Kc3 38. Qa1+ Kc4 39. Qa2+ Kd3 $1 $17) 37.
Qb1+ Qc2 38. Qe1 Kc4 $1 (38... Kxd4 39. Qe3+ Kc4 40. Qc5+ {is to be avoided,
even if Black might still be better.}) 39. Qe8 Qb1+ $1 {Improving the queen's
position with gain of tempo. White is probably objectively lost now.} 40. Kh2
Qf5 41. Qe3 Qe4 42. Qc1+ Kb3 43. Qa1 (43. Qc5 Kxa3 {just means the dance
continues with White having one pawn fewer.}) 43... Qc2 44. Kg1 Qc3 {There is
no way to avoid a3 and b4 falling. Really good technique from Rapport, making
a drawish queen ending appear as if it had been winning from the start.} 0-1

[Event "FRA-chT Gp-A"]
[Site "France"]
[Date "2003.04.05"]
[Round "6.3"]
[White "Miralles, Gilles"]
[Black "Bologan, Viktor"]
[Result "0-1"]
[WhiteElo "2451"]
[BlackElo "2630"]
[Annotator "Ftacnik,L"]
[PlyCount "52"]
[EventDate "2003.01.31"]
[EventType "team"]
[EventRounds "7"]
[EventCountry "FRA"]
[SourceTitle "CBM 095"]
[Source "ChessBase"]
[SourceDate "2003.07.25"]
[SourceVersion "1"]
[SourceVersionDate "2003.07.25"]
[SourceQuality "1"]
[WhiteTeam "Monaco"]
[BlackTeam "Gonfreville"]
[WhiteTeamCountry "FRA"]
[BlackTeamCountry "FRA"]

1. b4 e5 2. Bb2 d6 3. g3 f5 4. Bg2 Nf6 5. c4 Be7 6. Qb3 O-O 7. Nf3 Kh8 8. O-O
Qe8 9. Nc3 Qh5 10. Nd5 (10. d4 $5 e4 11. Nd2 Nc6 (11... e3 12. fxe3 Ng4 13. Nf3
Nxe3 14. Nb5 $16) 12. e3 d5 13. Nxd5 Nxd5 14. cxd5 Nxb4 $13) 10... Nxd5 11.
cxd5 Nd7 12. d3 (12. Rac1 Bd8 13. d3 Nf6 14. a4 f4 $13) 12... Nf6 13. Rae1 $2 {
Miralles doesn't feel the enormous danger in locking his poor king on the g1.
The rook belonged to c1 in order to create activity for the impending black's
attack.} (13. Rac1 $1) 13... f4 14. e4 (14. e3 Bg4 15. Nd2 f3 16. Bh1 a5 $15)
14... Bh3 15. d4 Ng4 16. dxe5 (16. Rc1 Bxg2 17. Kxg2 fxg3 18. hxg3 Rxf3 $1 19.
Kxf3 Bg5 20. Ke2 (20. Rh1 Rf8+ $19) 20... Bxc1 21. Rxc1 Rf8 $19) 16... dxe5 (
16... Bxg2 17. Kxg2 fxg3 18. fxg3 (18. exd6 gxf2 19. dxe7 fxe1=N+ 20. Rxe1 Rf7
$17) 18... Rxf3 19. Rxf3 Qxh2+ 20. Kf1 dxe5 $17) 17. Bxh3 (17. a3 Bxg2 18. Kxg2
fxg3 19. fxg3 Rxf3 20. Rxf3 (20. Kxf3 Rf8+ 21. Ke2 Nxh2+ $19) 20... Qxh2+ 21.
Kf1 Bg5 $19) 17... Qxh3 18. Bxe5 Bd6 $1 {[%mdl 128] The key move in the
black's attack, since Bologan will get all the kingside play he could have
only dreamed about.} 19. Bd4 (19. Bxd6 cxd6 20. Re2 (20. Rc1 $2 fxg3 21. fxg3
Rxf3 22. Rxf3 Qxh2+ 23. Kf1 Qh1+ 24. Ke2 Qxc1 $19) 20... Rf6 21. Rc1 Raf8 22.
Rc3 Rh6 $19) 19... fxg3 20. fxg3 Bxg3 $1 21. Re2 (21. Bxg7+ Kxg7 22. Qb2+ Kh6
23. hxg3 Qxg3+ 24. Qg2 Rxf3 25. Rxf3 Qxe1+ 26. Rf1 Qe3+ 27. Kh1 Rg8 $19) 21...
Be5 22. Bc5 $6 {White bishop leaving the a1-h8 diagonal signals complete
failure, now black rook can join the attack from the 6th rank.} (22. Bxe5 Nxe5
23. Re3 Qg4+ 24. Kh1 (24. Kf2 Rf4 25. Ke2 Rxe4 $19) 24... Nxf3 25. Rfxf3 Rxf3
26. Rxf3 Qxe4 27. Kg1 Re8 $17) 22... Rf6 23. Rg2 (23. Rff2 Nxf2 24. Nxe5 Nd3
25. Re1 Qh4 $19) 23... Nxh2 $1 24. Rxh2 (24. Nxh2 Bxh2+ 25. Rxh2 Rxf1#) 24...
Bxh2+ 25. Nxh2 Rg6+ 26. Kf2 Qxh2+ 0-1

[Event "Griesheim Testa GM"]
[Site "Griesheim"]
[Date "2004.01.23"]
[Round "4"]
[White "Prusikin, Michael"]
[Black "Murdzia, Piotr"]
[Result "1-0"]
[WhiteElo "2519"]
[BlackElo "2445"]
[Annotator "Ftacnik,L"]
[PlyCount "95"]
[EventDate "2004.01.20"]
[EventType "tourn"]
[EventRounds "9"]
[EventCountry "GER"]
[EventCategory "10"]
[SourceTitle "CBM 099"]
[Source "ChessBase"]
[SourceDate "2004.03.30"]
[SourceVersion "1"]
[SourceVersionDate "2004.03.30"]
[SourceQuality "1"]

1. g3 e5 2. Bg2 Nf6 3. Nf3 e4 4. Nd4 c5 5. Nb3 c4 6. Nd4 Nc6 7. Nxc6 dxc6 8. b3
cxb3 9. axb3 Bc5 10. Nc3 (10. e3 Qe7 11. Bb2 Bf5 12. d3 exd3 13. cxd3 O-O-O 14.
d4 Bb4+ 15. Nc3 Ne4 16. Bxe4 Qxe4 17. O-O Bxc3 18. Bxc3 Bh3 19. f3 Qxe3+ 20.
Kh1 {0-1 Van Dijk,T-Ligterink,G/Curacao 2002/ (20)}) 10... O-O {Black has no
reasons to complain, since his pieces have lots of freedom and white is
constrained in the center by the e4 pawn.} 11. Bb2 (11. Nxe4 $2 Nxe4 12. Bxe4
Qd4 $19) 11... Re8 12. h3 Bf5 13. e3 (13. O-O Qd7 14. g4 Bg6 15. d3 Qe6 $15)
13... Bd6 (13... Qd6 14. Ra2 Bg6 15. Qa1 a6 16. O-O Rad8 $15) 14. Ne2 h6 (14...
Nd5 15. O-O Qd7 16. g4 Bg6 17. f3 exf3 18. Bxf3 Nb4 $15) 15. Ra2 Nd5 16. Qa1
Nb4 17. Bxg7 $1 {Prusikhin already needs strong meassures to change the flow
of the position. An exchange sacrifice is somewhat dangerous for black.} Qg5 (
17... Nxa2 18. Bxh6 Re5 19. Qxa2 Ra5 20. Qb2 Be5 21. Nc3 $13) 18. Bf6 Qg6 19.
Bc3 Nxa2 20. Qxa2 Be5 (20... a5 21. Nf4 Bxf4 22. exf4 Be6 $15) 21. g4 Bd7 22.
Qa1 Qg7 (22... Bd6 23. Nf4 Bxf4 24. exf4 f5 $15) 23. Ng3 Bxc3 (23... f5 24.
gxf5 Bxf5 25. Rg1 Bg6 26. Bxe4 Bxe4 27. Ne2 Bg2 28. Nf4 $36) 24. dxc3 Re5 $2 {
Murdzia suddenly decides to neglect material in the original position, but now
white is clearly better.} (24... Qg6 $1 25. Qa4 (25. O-O f5 26. Rd1 Be6 27.
gxf5 Bxf5 28. Qa3) 25... f5 26. Qd4 Rad8 27. Qxa7 fxg4 $13) 25. Bxe4 Rae8 26.
Bd3 R5e7 27. Kd2 $5 a6 (27... Qf6 28. Rf1 a6 29. Nh5 Qe5 30. Re1 $1 Rd8 31. f4
Qh8 32. Qa5 $16) 28. Nh5 Qe5 29. Re1 $1 f6 (29... Qh2 30. c4 f5 31. Nf6+ Kf7
32. Nxe8 Rxe8 33. Qd4 $18) 30. f4 Qd6 31. c4 Rf8 (31... Kf7 32. c5 $1 Qe6 33.
Bc4 $18) 32. c5 $1 {[%mdl 2048] What a change of the picture, white pieces are
very aggressive and the king on d2 surprisingly safe.} Qxc5 (32... Qe6 $2 33.
Bc4 $18) 33. Nxf6+ Kf7 34. g5 (34. Nh7 Rg8 35. Qf6+ Ke8 36. Bg6+ (36. Qxh6 $2
Qa5+ $11) 36... Kd8 37. Bf7 Bf5 $1 38. c3 (38. gxf5 $2 Rg2+ 39. Re2 Qxe3+ $19)
38... Bxh7 39. Bxg8 Bxg8 40. Qf8+ Kc7 41. Qxg8 Qa3 $11) 34... hxg5 (34... Bxh3
35. g6+ Ke6 36. Bc4+ Kf5 37. Qc3 Qd6+ 38. Bd3+ Ke6 39. Ne4 $18) 35. fxg5 Bf5 (
35... Bxh3 36. g6+ Ke6 37. Bc4+ Kf5 38. e4+ Kf4 (38... Kxg6 39. Rg1+ Kh6 40.
Ke2 $18) 39. Bd3 Qb4+ 40. Kd1 $18) 36. Bxf5 Qxf5 37. Rf1 $1 Rd8+ 38. Nd7 $1 {
White wins the queen for his pieces and thus eliminates the danger for his own
king. Two spare pawns will easily decide the game.} (38. Kc3 $2 Rxe3+ 39. Kb2
Qe5+ $19) 38... Rdxd7+ 39. Ke2 Rd5 40. Rxf5+ Rxf5 41. h4 Re4 42. Qh8 Rfe5 43.
Qh7+ Ke8 44. g6 Rxe3+ 45. Kd2 Re2+ 46. Kc1 Rc5 47. Qf7+ Kd8 48. Qf8+ 1-0

[Event "Interpolis-02"]
[Site "Tilburg"]
[Date "1978.09.13"]
[Round "10"]
[White "Larsen, Bent"]
[Black "Browne, Walter Shawn"]
[Result "1/2-1/2"]
[WhiteElo "2620"]
[BlackElo "2550"]
[Annotator "Ftacnik,L"]
[PlyCount "117"]
[EventDate "1978.09.01"]
[EventType "tourn"]
[EventRounds "11"]
[EventCountry "NED"]
[EventCategory "14"]
[SourceTitle "MCL"]
[Source "ChessBase"]
[SourceDate "1999.07.01"]
[SourceVersion "1"]
[SourceVersionDate "1999.07.01"]
[SourceQuality "1"]

1. g3 c5 2. Bg2 g6 3. c3 (3. e4) 3... d5 4. d4 cxd4 5. cxd4 Bg7 6. Nc3 Nc6 7.
Bxd5 (7. Nxd5 $5 e6 8. Nc3 Nxd4) 7... Nxd4 (7... Bxd4 $5) 8. Be3 e5 (8... Nf5
$4 9. Bxf7+ $1) (8... Qb6 $5 9. Qd2) 9. Nf3 Ne7 (9... Nxf3+ $2 10. Bxf3 $16)
10. Nxe5 (10. Nxd4 $6 Nxd5 11. Ndb5 Nxe3 12. Qxd8+ Kxd8 13. fxe3) 10... Nxd5
11. Bxd4 O-O 12. Nf3 (12. Nxf7 $2 Nxc3 $1) 12... Nxc3 13. bxc3 Bg4 14. Bxg7
Bxf3 15. Bxf8 $1 (15. Qxd8 Rfxd8 16. exf3 Kxg7 $10) 15... Bxh1 16. Qxd8 Rxd8
17. Bc5 b6 18. Bd4 Bc6 19. g4 (19. f3 f5) 19... f5 $5 20. gxf5 gxf5 21. Kd2 (
21. f3 {/\Kf2}) 21... Kf7 22. a3 (22. Rg1) 22... Rd6 23. f3 Rh6 24. Rh1 Rg6 25.
c4 Rg2 {/\Bf3} 26. Ke1 Ke6 27. h3 Bb7 28. Kf1 Rg8 29. Kf2 Rc8 30. Rc1 Ba6 31.
c5 Kd5 $1 (31... bxc5 $2 32. Rxc5 $1 (32. Bxc5 Kd5 33. Be3 Rxc1 34. Bxc1 Bb5
$10)) 32. Be3 bxc5 33. Rg1 Rc7 34. Rg5 Rf7 35. Rh5 Bb5 36. Bf4 Kc4 37. Bd6 $1
Kd5 38. Rh6 a5 (38... c4 $2 39. Bb4) 39. Bf4 Kc4 40. Rb6 Rd7 41. h4 {/\h5,h6}
h5 $5 42. Rh6 Kb3 43. Rxh5 Kxa3 (43... Rf7 $5) 44. Rxf5 Kb4 45. h5 a4 46. h6 a3
47. Rh5 a2 48. Be5 Rh7 49. Rh1 c4 50. Bg7 c3 51. Rc1 Rxg7 $1 52. hxg7 Bc4 53.
Ke3 Kb3 54. Kd4 Bg8 55. Rg1 Kb2 56. Kd3 Bb3 57. e4 Bc2+ 58. Kd4 Bb3 59. Kd3 (
59. Kd3 Bc2+ 60. Kd4 Bb3 61. Kd3 $10) 1/2-1/2

[Event "Rostock GM"]
[Site "Rostock"]
[Date "2002.09.01"]
[Round "9"]
[White "Tischbierek, Raj"]
[Black "Baramidze, David"]
[Result "0-1"]
[WhiteElo "2523"]
[BlackElo "2351"]
[Annotator "Ftacnik,L"]
[PlyCount "72"]
[EventDate "2002.08.25"]
[EventType "tourn"]
[EventRounds "9"]
[EventCountry "GER"]
[EventCategory "8"]
[SourceTitle "CBM 091"]
[Source "ChessBase"]
[SourceDate "2002.11.12"]
[SourceVersion "1"]
[SourceVersionDate "2002.11.12"]
[SourceQuality "1"]

1. g3 d5 2. Bg2 e5 3. d3 Nf6 4. Nf3 Bd6 5. O-O O-O 6. Nc3 c6 7. e4 dxe4 8. dxe4
Na6 9. a3 (9. h3 Nc5 (9... Qe7 10. Nh4 Bb4 11. Nb1 Qc7 12. a3 Be7 13. Nd2 Ne8
14. Nf5 Nd6 15. Nxe7+ Qxe7 16. b3 Rd8 17. a4 b6 18. Ba3 c5 {1/2-1/2 Hickl,
J-Arkhipov,S/Lippstadt 1994/ (28)}) (9... Be6 10. Qe2 Qc7 11. a3 Rad8 12. Nh4
Be7 13. Nf5 Bxf5 14. exf5 Nd5 15. Bd2 Nc5 16. Rae1 Nb6 17. b4 Ncd7 18. Be3 {
1-0 Hickl,J-Vidarsson,J/Reykjavik 1997/ (62)}) 10. Nh4 (10. Qe2 b6 11. Rd1 Ba6
12. Qe1 Qe7 13. Nh4 g6 14. Bh6 Rfd8 15. Rd2 Ne6 16. Rad1 Rd7 17. Nf3 Rad8 18.
Be3 Bb8 19. a3 Rxd2 20. Rxd2 Rxd2 21. Qxd2 Qd7 22. Qxd7 {1/2-1/2 Hickl,J-Flear,
G/Chiasso 1991/ (22)}) 10... Ne6 11. Nf5 Bc7 12. Be3 g6 13. Nh4 Bb6 14. Bh6 Re8
15. Nf3 Qxd1 16. Raxd1 Nd4 17. Nxd4 Bxd4 18. Na4 a5 19. c3 Ba7 20. b3 b5 21.
Nb2 Be6 {0-1 Rohde,M-Browne,W/USA 1989/ (73)}) (9. Be3 Qe7 10. Nh4 Bc5 11. Bd2
Rd8 12. Qc1 Be6 13. Na4 Bb4 14. c3 Bd6 15. b4 b5 16. Nb2 c5 17. a3 Rac8 {
1/2-1/2 Hickl,J-Luther,T/Lippstadt 1994/ (17)}) 9... Nc5 (9... Nc7 10. Nh4 Bg4
11. Qe1 Ne6 12. h3 Bh5 13. Be3 Nd4 14. Rc1 Ne8 15. f4 f6 16. Qf2 Nc7 17. Kh1 c5
18. Nb1 Nce6 19. f5 Nc7 20. Nd2 Qe7 21. c3 Bf7 22. g4 {1-0 Tischbierek,R-Wells,
P/Germany 1998/ (32)}) 10. Nh4 {White can claim no advantage in the
symmetrical position, but the middle game can become very interesting.} g6 (
10... Bg4 11. f3 Be6 12. Nf5 Bxf5 13. exf5 Qc7 $11) 11. b4 Ne6 12. Ne2 (12. Be3
Qe7 13. f4 a5 14. f5 Nc7 15. Na2 $11) 12... b5 13. Bb2 (13. c4 $6 bxc4 14. Qc2
a5 $15) 13... Bb7 14. Qd3 Qc7 15. f4 (15. c4 bxc4 16. Qxc4 c5 17. b5 Nd4 18.
Nc3 a6 19. a4 $11) 15... c5 16. f5 (16. Qxb5 Bxe4 17. Bxe4 (17. fxe5 Bxe5 18.
Bxe5 Qxe5 19. Rae1 Rab8 $11) 17... Nxe4 18. Qd3 Nf6 19. fxe5 Bxe5 20. Bxe5 Qxe5
21. Nf3 Qh5 $11) 16... Nd4 17. Nxd4 (17. fxg6 fxg6 18. Nxd4 (18. c4 $2 cxb4 19.
cxb5 Qc2 $1 $19) 18... cxd4 19. Qxb5 a5 $17) 17... cxd4 18. Rae1 $6 (18. Bc1
Be7 (18... a5 $2 19. Bh6 $14) 19. Bh6 Rfc8 20. Bg5 Qb6 $15) 18... a5 $1 {
Black has to hurry up with counterplay on the queenside, since white is
concentrating all his forces for kingside attack.} 19. bxa5 (19. c3 g5 20. Nf3
g4 21. Nd2 dxc3 22. Bxc3 axb4 23. axb4 Rfc8 $15) 19... Qxa5 20. Bc1 (20. fxg6
fxg6 21. c3 dxc3 22. Qxd6 (22. Bxc3 Qxa3 $19) 22... cxb2 23. Qxe5 Qb6+ 24. Kh1
Ng4 $17) 20... Qb6 21. Bh3 (21. Bh6 Rxa3 22. Qd2 Ng4 23. Bxf8 Bxf8 $17) 21...
Be7 22. Rf2 (22. Nf3 Qc5 23. fxg6 hxg6 24. Ng5 Bc8 $15) 22... b4 23. a4 (23.
axb4 Bxb4 24. Ref1 (24. Ree2 Ra1 25. Rf1 Ba6 $19) 24... g5 25. Bxg5 Nxe4 $19)
23... Qa6 24. fxg6 hxg6 (24... Qxd3 25. gxh7+ Nxh7 26. cxd3 Rxa4 $15) 25. Bh6
Rfe8 26. Qf3 Qc4 $1 {[%mdl 256] From the square c4 the queen is protecting the
vital square f7 and at the same time contributing to the counterattack.} 27.
Bf1 (27. Bg5 Nxe4 $1 28. Bxe7 Nxf2 29. Qxb7 Nxh3+ 30. Kg2 Qe6 31. Bc5 Rab8 32.
Qc7 Ng5 $19) 27... Qc3 28. Qxc3 (28. Qd1 Nxe4 29. Rfe2 f5 30. Nxg6 Bc5 $19)
28... bxc3 29. Bb5 (29. Bc4 Rxa4 30. Nxg6 (30. Bb5 Raa8 31. Bxe8 Rxe8 32. Rfe2
Bc5 33. Kf1 Ba6 $19) 30... Rxc4 31. Nxe7+ Rxe7 32. Rxf6 Ra4 33. g4 Ra2 34. Rf2
Re6 $17) 29... Ng4 $1 {White is positionally bancrupt, so any piece exchanges
tend to favour the second player.} 30. Bxe8 (30. Rxf7 Nxh6 (30... Kxf7 $4 31.
Bc4+ Kf6 32. Rf1+ Nf2 33. Rxf2#) 31. Bxe8 Nxf7 32. Bb5 Bxh4 33. gxh4 Nd6 $19)
30... Rxe8 31. Nf3 (31. Bc1 d3 32. cxd3 Bc5 33. Ree2 Ra8 $19) 31... Nxh6 32.
Nxe5 Bg5 33. Nc4 Ng4 34. Rfe2 (34. Rf3 Rxe4 $19) 34... Ba6 35. Nd6 Bxe2 36.
Nxe8 d3 0-1

[Event "Bundesliga 0203"]
[Site "Germany"]
[Date "2002.12.14"]
[Round "5.2"]
[White "Piket, Jeroen"]
[Black "Tiviakov, Sergei"]
[Result "0-1"]
[WhiteElo "2646"]
[BlackElo "2631"]
[Annotator "Ftacnik,L"]
[PlyCount "80"]
[EventDate "2002.10.19"]
[EventType "team-tourn"]
[EventRounds "15"]
[EventCountry "GER"]
[SourceTitle "CBM 093"]
[Source "ChessBase"]
[SourceDate "2003.04.01"]
[SourceVersion "1"]
[SourceVersionDate "2003.04.01"]
[SourceQuality "1"]
[WhiteTeam "Solingen"]
[BlackTeam "Emsdetten Turm"]
[WhiteTeamCountry "GER"]
[BlackTeamCountry "GER"]

1. g3 Nf6 2. Bg2 d5 3. d3 e6 4. c3 b6 5. f4 Bb7 6. Nf3 Nbd7 7. O-O g6 8. Qe1
Bg7 9. h3 O-O 10. g4 {Piket is playing Dutch defense like position with
reverse colours with a clear plan of kingside attack.} (10. Nbd2 b5 11. e4 c5
$11) 10... b5 11. Na3 (11. Nbd2 c5 12. e4 dxe4 13. dxe4 Qb6 $11) 11... a6 12.
Nc2 c5 13. Bd2 a5 (13... Qc7 14. Qh4 Ne8 15. f5 $11) 14. a3 Qc7 (14... a4 $5
15. Qh4 Ne8 $15) 15. Qh4 c4 16. Rad1 (16. Ncd4 cxd3 17. exd3 Nc5 $13) 16... Nc5
17. Be3 Na4 18. Ncd4 (18. Bc1 Nd7 19. Ncd4 cxd3 20. Rxd3 b4 $36) 18... cxd3 19.
exd3 Nxb2 20. Rd2 Na4 (20... Qxc3 $2 21. Nxb5 Qb3 22. Nfd4 Qa2 23. g5 Nd7 24.
Qf2 $18) 21. Nxb5 Qd7 22. c4 Qe7 23. Ne5 Rfd8 24. cxd5 $6 {[%mdl 64] Good idea,
but the not exactly in this form as now black will suddenly get excellent
counterplay in the center.} (24. g5 $1 Nd7 25. Bd4 Rab8 26. cxd5 exd5 27. Rc2
$14) 24... Bxd5 25. Nc6 (25. g5 $2 Bxg2 26. Kxg2 Nd5 $19) 25... Bxc6 26. Bxc6
Rab8 27. Nd4 (27. Rc1 Nd5 28. Bf2 Qf8 29. f5 Rdc8 $15) 27... Nd5 $1 28. Qxe7
Nxe7 29. Bxa4 (29. Nxe6 Nxc6 30. Nxd8 Rxd8 31. d4 Nc3 $17) 29... Bxd4 30. Bf2 (
30. Kf2 Bxe3+ 31. Kxe3 Nd5+ 32. Kf3 Nxf4 $1 33. Kxf4 Rd4+ 34. Ke3 Rxa4 $19) (
30. Bxd4 Rxd4 31. Bc2 Nd5 $17) 30... Bb2 31. d4 (31. Bc5 Bd4+ 32. Bxd4 Rxd4 $17
) 31... Bxa3 {Tiviakov has won a pawn and white is still stuck with d4
weakness.} 32. Kg2 (32. Bh4 Kf8 33. f5 exf5 34. gxf5 Rb4 $17) 32... Rb4 33. Bc2
Bb2 34. f5 (34. Rfd1 Nd5 35. Kf3 a4 36. Bxa4 Rxa4 37. Rxb2 Ra3+ 38. Kg2 Nxf4+
$19) 34... exf5 35. gxf5 Bc3 36. Re2 (36. Rd3 Bxd4 37. Rfd1 Nc6 38. R3d2 Rb2
$19) 36... Nd5 37. Bh4 (37. Re4 Rb2 38. Ba4 gxf5 $19) 37... Rc8 38. Be4 Rxd4
39. Bxd5 Rxd5 40. f6 Rd2 0-1